[Event "RUS-Cup2"]
[Site "Moscow"]
[Date "1996.??.??"]
[Round "3"]
[White "Odeev, Handszar"]
[Black "Dolinskij, Boris"]
[Result "1/2-1/2"]
[WhiteElo "2410"]
[BlackElo "2210"]

1.e4 c5 2.Nf3 e6 3.d4 cxd4 4.Nxd4 Nc6 5.Nc3 Qc7 6.Be2 Nf6 7.O-O Be7 8.Be3 O-O
9.f4 d6 10.f5 d5 11.exd5 exd5 12.Kh1 a6 13.Bg5 Rd8 14.Qd3 Ne4 15.Bxe7 Qxe7
16.Rae1 Nxd4 17.Qxd4 Qh4 18.Nxe4 dxe4 19.Qe5 Bd7 20.Bc4 Bc6 21.Bxf7+ Kxf7
22.Qe6+ Kf8 23.f6 Rd7 24.Rd1 Rad8 25.Rxd7 Rxd7 26.fxg7+ Kxg7 27.Qe5+ Kg8
28.Qe8+ Kg7 29.Qf8+ Kg6 30.Qg8+ Kh6 31.Qe6+  1/2-1/2

[Event "RUS-Cup2"]
[Site "Moscow"]
[Date "1996.??.??"]
[Round "4"]
[White "Nikolenko, Oleg"]
[Black "Skachkov, Pavel"]
[Result "1-0"]
[WhiteElo "2480"]
[BlackElo "2355"]

1.e4 c5 2.Nf3 Nc6 3.Nc3 e6 4.d4 cxd4 5.Nxd4 Nf6 6.g3 Be7 7.Bg2 O-O 8.O-O d6
9.Nxc6 bxc6 10.e5 Nd5 11.Ne4 f6 12.c4 Nb6 13.exf6 gxf6 14.Bh6 Rf7 15.c5 Nd5
16.Bf3 Bf8 17.Bxf8 Qxf8 18.Nxd6 Rg7 19.Re1 Rb8 20.Qd2 Rg5 21.Rac1 Qd8 22.Rc4 a5
23.h4 Rg7 24.Ra4 f5 25.b3 Ra8 26.Bxd5 cxd5 27.Nxf5 Rg6 28.h5 Qg5 29.Rf4 Rf6
30.Re5 Kh8 31.Qd4 Ba6 32.Nd6 Qg7 33.Rxf6 Qxf6 34.Rxd5 Rf8 35.Qxf6+ Rxf6 36.Rd4 Be2
37.Ne4 Rf5 38.h6  1-0

[Event "Moscow-ch"]
[Site "Moscow"]
[Date "1996.??.??"]
[Round "4"]
[White "Saulin, Dmitri"]
[Black "Guseinov, Kadir"]
[Result "1/2-1/2"]
[WhiteElo "2395"]
[BlackElo "2265"]

1.e4 c5 2.Nf3 e6 3.d4 cxd4 4.Nxd4 Nc6 5.Nc3 Qc7 6.g3 a6 7.Bg2 Nf6 8.O-O Be7
9.Be3 O-O 10.Qe2 d6 11.Rad1 Bd7 12.h3 Rac8 13.g4 Nxd4 14.Rxd4 Bc6 15.f4 Rfe8
16.Rd2 b5 17.g5 b4 18.gxf6 bxc3 19.Rd3 Bxf6 20.e5  1/2-1/2

[Event "RUS-Cup2"]
[Site "Moscow"]
[Date "1996.??.??"]
[Round "5"]
[White "Odeev, Handszar"]
[Black "Labunskiy, D."]
[Result "1/2-1/2"]
[WhiteElo "2410"]
[BlackElo "2255"]

1.e4 c5 2.Nf3 e6 3.d4 cxd4 4.Nxd4 Nc6 5.Nc3 Qc7 6.g3 a6 7.Bg2 Nge7 8.O-O Nxd4
9.Qxd4 Nc6 10.Qd2 Be7 11.b3 O-O 12.Bb2 d6 13.Ne2 b5 14.Nf4 Bb7 15.Rac1 Qa5
16.Qe2 Rac8 17.a3 b4 18.axb4 Nxb4 19.c4 Qa2 20.Rc3 Qa5 21.Re3 Rb8 22.Bc3 Qc5
23.Bh3 e5 24.Nd3 Nxd3 25.Qxd3 Bc8 26.Bxc8 Rfxc8 27.Qc2 Qc6 28.Ra1 Qb7 29.Be1 Bg5
30.Rc3 Bd8 31.f3 Bb6+ 32.Bf2 Bxf2+ 33.Qxf2 Rc6 34.Rd3 Rb6 35.Ra3 Qc6 36.Kg2 h6
37.Rc3 Qc5 38.Qa2 Qc6 39.Qd2 Qc5  1/2-1/2

[Event "Moscow Alekhine op"]
[Site "Moscow"]
[Date "1996.??.??"]
[Round "8"]
[White "Olenin, Nikolay"]
[Black "Brylev, Igor"]
[Result "0-1"]
[WhiteElo "2380"]
[BlackElo "2255"]

1.e4 c5 2.Nf3 e6 3.d4 cxd4 4.Nxd4 Nc6 5.Nc3 a6 6.Be3 Qc7 7.Bd3 Nf6 8.O-O h5
9.h3 h4 10.Nf3 b5 11.Qd2 Bb7 12.Bf4 d6 13.a4 b4 14.Ne2 Ne5 15.Rfe1 Nxf3+
16.gxf3 e5 17.Bg5 a5 18.c3 b3 19.Nc1 Bc6 20.Nxb3 Qd7 21.Bf1 Be7 22.c4 Bxa4
23.Nxa5 Rh5 24.Be3 Bd8 25.b4 Nh7 26.f4 exf4 27.Bxf4 Ng5 28.Ra3 Rh6 29.Bg2 Rg6
30.Kh1 Bc6 31.Rd3 Bxa5 32.bxa5 Ne6 33.Bh2 Nc5 34.Rxd6 Rxd6 35.Bxd6 Rd8  0-1

[Event "Moscow Alekhine op"]
[Site "Moscow"]
[Date "1996.??.??"]
[Round "9"]
[White "Genba, Vladimir"]
[Black "Tunik, Gennady"]
[Result "1-0"]
[WhiteElo "2380"]
[BlackElo "2475"]

1.e4 c5 2.Nf3 e6 3.d4 cxd4 4.Nxd4 Nc6 5.Nc3 a6 6.Be2 Qc7 7.O-O Nf6 8.Be3 Bb4
9.Na4 Be7 10.Nxc6 bxc6 11.Nb6 Rb8 12.Nxc8 Qxc8 13.e5 Nd5 14.Bc1 Bc5 15.c4 Ne7
16.b3 a5 17.Bb2 a4 18.Bd3 Ng6 19.Bc2 Qc7 20.Qe2 O-O 21.Rad1 axb3 22.axb3 Ra8
23.h4 Ra2 24.Bc3 Rfa8 25.h5 Nf8 26.b4 Be7 27.c5 Qb7 28.Rd4 R8a3 29.Qd3 Qa6
30.Qd2 h6 31.Rb1 Bg5 32.f4 Be7 33.Bb2 Rg3 34.Kh2 Bh4 35.Bd3 Qc8 36.Bc4 Ra7
37.Be2 Rb3 38.Bd3 Ra2 39.g3 Qd8 40.Kh3 Be7 41.Bc4 Rbxb2 42.Rxb2 Rxb2 43.Qxb2 f6
44.Qe2 fxe5 45.fxe5 Bg5 46.Rd1 Qe8 47.Bd3 Bd8 48.Bg6 Nxg6 49.hxg6 Qxg6 50.Rxd7 Qf5+
51.Kg2 Bg5 52.b5 cxb5 53.c6 Qf8 54.c7 Qc8 55.Qd3  1-0

[Event "Moscow-ch"]
[Site "Moscow"]
[Date "1996.??.??"]
[Round "10"]
[White "Frolov, Denis"]
[Black "Tunik, Gennady"]
[Result "0-1"]
[WhiteElo "2340"]
[BlackElo "2440"]

1.e4 c5 2.Nf3 e6 3.d4 cxd4 4.Nxd4 Nc6 5.Nc3 a6 6.Be3 Qc7 7.Bd3 Nf6 8.O-O Ne5
9.h3 Bc5 10.f4 Nc6 11.Nf5 Bxe3+ 12.Nxe3 d6 13.Kh1 h5 14.Qf3 h4 15.Ng4 Nh5
16.Ne2 Bd7 17.Qf2 O-O-O 18.Rfb1 g6 19.b4 f5 20.exf5 gxf5 21.Ne3 Rdg8 22.Nc4 Ne7
23.b5 Bxb5 24.Nb6+ Kd8 25.Bxb5 axb5 26.Nd4 Rh6 27.Nxb5 Ng3+ 28.Kh2 Ne4 29.Nxc7 Nxf2
30.Nb5 Ne4 31.Re1 Nc6 32.Rad1 Ke7 33.a3 Rhg6 34.Re2 Rg3 35.Rd3 d5 36.Nxd5+ exd5
37.Rxd5 Kf6 38.Nd6 Ne7 39.Re5 Nxd6 40.Re6+ Kg7 41.Rxe7+ Kh6 42.c4 Ne4 43.Rxb7 Rxa3
44.Reb2 Ra1 45.Rb1 Rxb1 46.Rxb1 Rc8 47.Rb6+ Kg7 48.Rb7+ Kg8 49.Rb5 Ng3 50.c5 Rc7
51.Ra5 Kg7 52.Rb5 Nh5 53.c6 Kf6 54.Rb8 Rxc6 55.Rh8 Kg6 56.Rg8+ Kh7  0-1

[Event "Muenster op"]
[Site "Muenster"]
[Date "1996.??.??"]
[Round "2"]
[White "Golubev, Mihail"]
[Black "Weidemann, Christian"]
[Result "1-0"]
[WhiteElo "2520"]
[BlackElo "2270"]

1.e4 c5 2.Nc3 e6 3.Nf3 Nc6 4.d4 cxd4 5.Nxd4 Nf6 6.g3 d6 7.Bg2 Be7 8.O-O O-O
9.b3 a6 10.Bb2 Qc7 11.Nxc6 bxc6 12.Na4 e5 13.c4 Be6 14.f4 Qa7+ 15.c5 Nd7
16.Rc1 f6 17.Kh1 dxc5 18.Ba3 Rfe8 19.Qd2 a5 20.f5 Bf7 21.Rfd1 Rad8 22.Qe3 Qc7
23.Bf1 Nb6 24.Nxc5 Rxd1 25.Rxd1 a4 26.Na6 Qb7 27.Bxe7 Rxe7 28.bxa4 h6 29.Rb1  1-0

[Event "Neuchatel op"]
[Site "Neuchatel"]
[Date "1996.??.??"]
[Round "3"]
[White "Bex, Pierre Alain"]
[Black "Kaenel, Hansjuerg"]
[Result "1/2-1/2"]
[WhiteElo "2180"]
[BlackElo "2390"]

1.e4 c5 2.Nf3 e6 3.d4 cxd4 4.Nxd4 Nc6 5.Nc3 Qc7 6.Be3 a6 7.Be2 Nf6 8.O-O Bb4
9.Na4 O-O 10.c4 Be7 11.Nxc6 bxc6 12.Qc2 c5 13.Nc3 d6 14.f4 Bb7 15.Kh1 Rad8
16.Rac1 Nd7 17.Bd3 h6 18.Qe2 Bf6 19.e5 dxe5 20.f5 exf5 21.Bxf5 Be7 22.Qh5 Nf6
23.Qh3 Rd6 24.Bxh6 gxh6 25.Qxh6 Rfd8 26.Rf3 Bxf3 27.gxf3 Rd1+ 28.Nxd1 Qb7
29.Kg2 Rd6 30.Nc3 Bf8 31.Qg5+ Bg7 32.Rc2 Rd4 33.Re2 Rxc4 34.Ne4 Qb6 35.Nxf6+ Qxf6
36.Qxf6 Bxf6  1/2-1/2

[Event "Neuchatel op"]
[Site "Neuchatel"]
[Date "1996.??.??"]
[Round "5"]
[White "Guex, Pascal"]
[Black "Berend, Fred"]
[Result "0-1"]
[WhiteElo "2200"]
[BlackElo "2425"]

1.e4 c5 2.Nf3 e6 3.d4 cxd4 4.Nxd4 Nc6 5.Nc3 a6 6.Be2 d6 7.O-O Nf6 8.Be3 Be7
9.f4 O-O 10.Qe1 Nxd4 11.Bxd4 b5 12.Rd1 Bb7 13.Bf3 Qc7 14.a3 e5 15.Be3 exf4
16.Bxf4 Nd7 17.Qg3 Ne5 18.Be2 Rac8 19.Rd2 Rfe8 20.Kh1 Nc4 21.Bxc4 Qxc4 22.Qd3 Bf6
23.Qxc4 Rxc4 24.Bxd6 Bxc3 25.bxc3 Rcxe4 26.Kg1 h5 27.Bc5 R8e5 28.Rd8+ Kh7
29.Bd4 Re7 30.Bc5 Re2 31.Bxe7 Rxg2+ 32.Kh1 Rg4+  0-1

[Event "New York CITS"]
[Site "New York"]
[Date "1996.??.??"]
[Round "3"]
[White "De Firmian, Nick E"]
[Black "Benjamin, Joel"]
[Result "1/2-1/2"]
[WhiteElo "2595"]
[BlackElo "2570"]

1.e4 c5 2.Nf3 e6 3.d4 cxd4 4.Nxd4 Nc6 5.Nc3 Qc7 6.g3 a6 7.Bg2 Nf6 8.O-O d6
9.a4 Be7 10.Be3 O-O 11.Kh1 Re8 12.f4 Rb8 13.Qe2 Nd7 14.Rad1 Bf8 15.Bg1 Nxd4
16.Bxd4  1/2-1/2

[Event "New York CITS"]
[Site "New York"]
[Date "1996.??.??"]
[Round "5"]
[White "Ashley, Maurice"]
[Black "Benjamin, Joel"]
[Result "0-1"]
[WhiteElo "2460"]
[BlackElo "2570"]

1.e4 c5 2.Nf3 e6 3.d4 cxd4 4.Nxd4 Nc6 5.Nc3 Qc7 6.Be2 a6 7.O-O Nf6 8.Be3 Bb4
9.Na4 Be7 10.Nxc6 bxc6 11.Nb6 Rb8 12.Nxc8 Qxc8 13.e5 Nd5 14.Bc1 Bc5 15.Bd3 Qc7
16.g3 Bd4 17.c3 Bxe5 18.Bxa6 O-O 19.Bd3 f5 20.Re1 Bd6 21.Re2 Kh8 22.Qc2 c5
23.b3 Nf6 24.f4 c4 25.Bxc4 Ng4 26.Rg2 Bc5+ 27.Kf1 Qc6 28.Be2 e5 29.h3 Nf2
30.h4 Rbe8 31.fxe5 f4 32.gxf4 Nh3  0-1

[Event "New York CITS"]
[Site "New York"]
[Date "1996.??.??"]
[Round "10"]
[White "Waitzkin, Joshua"]
[Black "Benjamin, Joel"]
[Result "1/2-1/2"]
[WhiteElo "2435"]
[BlackElo "2570"]

1.e4 c5 2.Nf3 Nc6 3.d4 cxd4 4.Nxd4 e6 5.Nc3 Qc7 6.Be2 a6 7.O-O b5 8.Nxc6 dxc6
9.a4 b4 10.Nb1 Nf6 11.Bd3 Bc5 12.c3 bxc3 13.Nxc3 a5 14.Qe2 e5 15.Bg5 Bg4
16.Qc2 Nd7 17.Rac1 O-O 18.Nd1 Rfb8 19.Bd2 Bd4 20.Qxc6 Qxc6 21.Rxc6 Nc5 22.Bb5 Nxe4
23.Be3 Bd7 24.Re1 Bxc6 25.Bxc6 Nc5 26.Bxd4 exd4 27.Bxa8 Rxa8 28.Re5 Nd3 29.Rd5 Re8
30.g3 g6 31.Kg2 Re1 32.Ne3 Re2 33.Rxd4 Rxf2+ 34.Kg1 Rd2 35.Rd5 Kg7 36.b3 Ne1
37.Kf1 Nf3 38.Rxa5 Nxh2+ 39.Ke1 Nf3+ 40.Kf1 Nh2+ 41.Ke1 Nf3+ 42.Kf1 Rb2 43.Rb5 Nd4
44.Rb7 Rxb3 45.Rxb3 Nxb3 46.Nd5 f6 47.Ke2 Kf7 48.Kf3 Ke6 49.Ne3 Nc5 50.a5 Kd6
51.g4 Kc6 52.Kf4 Nd3+ 53.Ke4 Nb4 54.Nc4 Na6 55.Kf4 Nc7 56.Ke4 Kb5 57.Nb6 Kxa5
58.Nd7 Ne8 59.Nf8 Kb5 60.Nxh7 Kc4 61.Kf4 Kd5 62.Nxf6+ Nxf6 63.Kg5  1/2-1/2

[Event "JUG-chT"]
[Site "Niksic"]
[Date "1996.??.??"]
[Round "?"]
[White "Brajovic, Radovan"]
[Black "Arsovic, Zoran"]
[Result "0-1"]
[WhiteElo "2390"]
[BlackElo "2440"]

1.e4 c5 2.Nf3 e6 3.d4 cxd4 4.Nxd4 Nc6 5.Nc3 d6 6.g3 a6 7.Bg2 Qc7 8.O-O Be7
9.Nxc6 bxc6 10.Na4 Bb7 11.c4 c5 12.Re1 Nf6 13.Bf4 Nd7 14.Qd2 Ne5 15.b3 O-O
16.h3 Rfd8 17.Rad1 Rab8 18.Bg5 Bxg5 19.Qxg5 Nc6 20.Qd2 Nd4 21.Nc3 e5 22.f4 f6
23.f5 Bc6 24.g4 a5 25.Re3 a4 26.bxa4 Rb4 27.Rg3 Rdb8 28.g5 Qe7 29.Kh1 Rb2
30.Qe3 Rc2 31.Rd2 Rbb2 32.Rxc2 Rxc2 33.h4 Rxc3 34.Qxc3 Ne2 35.Qe3 Nxg3+ 36.Qxg3 Bxa4
37.Qa3 Qa7 38.Qd3 Qb8 39.Qd5+ Kf8 40.gxf6 gxf6 41.Qe6 Qd8 42.Bf3 Be8 43.Qd5 Bf7
44.Qd3 Qb6 45.Be2 Ke7 46.Qc2 Qb4 47.Qc1 Qa5 48.a3 Qa8 49.Qe3 Qb7 50.Kg1 Qb2
51.Bf1 Qc2 52.Qd3 Qc1 53.Kf2 Qf4+ 54.Ke1 Bh5 55.Bg2 Qxh4+ 56.Kf1 Qf4+ 57.Kg1 Qc1+
58.Bf1 Bf7 59.Kf2 Qf4+ 60.Ke1 Bh5 61.Bg2 Qc1+ 62.Kf2 Bf7 63.Bf1 Qb2+ 64.Ke1 Qd4
65.Kd2 Kd7 66.Kc2 Kc6 67.Qe2 h5 68.Kb3 Qa1 69.Qd3 Qe1 70.Ka2 Qf2+ 71.Kb1 h4
72.Qd1 Kc7 73.Be2 h3 74.Qd2 Kd7 75.Qc2 Ke7 76.Bg4 Qg1+ 77.Qd1 h2  0-1

[Event "JUG-chT"]
[Site "Niksic"]
[Date "1996.??.??"]
[Round "?"]
[White "Dabetic, Radojica"]
[Black "Rabrenovic, Vladan"]
[Result "1/2-1/2"]
[WhiteElo "2350"]
[BlackElo "2315"]

1.e4 c5 2.Nf3 e6 3.d4 cxd4 4.Nxd4 Nc6 5.Nc3 Qc7 6.Be2 Nf6 7.O-O Be7 8.Be3 d6
9.f4 a6 10.Qe1 O-O 11.Qg3 Nxd4 12.Bxd4 b5  1/2-1/2

[Event "JUG-chT"]
[Site "Niksic"]
[Date "1996.??.??"]
[Round "?"]
[White "Velimirovic, Dragoljub"]
[Black "Cabrilo, Goran"]
[Result "0-1"]
[WhiteElo "2510"]
[BlackElo "2470"]

1.e4 c5 2.Nf3 e6 3.d4 cxd4 4.Nxd4 Nc6 5.Nc3 a6 6.Be2 d6 7.Be3 Nf6 8.O-O Be7
9.f4 O-O 10.a4 e5 11.Nb3 exf4 12.Rxf4 Be6 13.Nd5 Bxd5 14.exd5 Ne5 15.Kh1 Nfd7
16.Rf2 Bg5 17.Bd4 Qe7 18.a5 Rae8 19.Ra4 Nf6 20.Bc3 Qd7 21.Rb4 Re7 22.h3 Rfe8
23.Kh2 Ng6 24.Bg4 Qc7 25.Bf5 Ne4 26.Bxe4 Rxe4 27.Rxe4 Rxe4 28.Re2 Bf4+ 29.g3 Rxe2+
30.Qxe2 Be5 31.Bb4 h5 32.c4 h4 33.Be1 Qe7 34.Kg2 Qg5 35.Qd2 Bf4 36.Qd3 hxg3
37.Nd4 Nh4+  0-1

[Event "JUG-chT"]
[Site "Niksic"]
[Date "1996.??.??"]
[Round "?"]
[White "Damjanovic, Vladimir"]
[Black "Tesic, Dragan"]
[Result "1/2-1/2"]
[WhiteElo "2395"]
[BlackElo "2370"]

1.e4 c5 2.Nc3 Nc6 3.Nf3 e6 4.d4 cxd4 5.Nxd4 a6 6.f4 d6 7.Be3 Nf6 8.Be2 Qc7
9.O-O Be7 10.Kh1 O-O 11.Qe1 Bd7 12.Qg3 b5 13.e5 dxe5 14.fxe5 Nxe5 15.Rxf6 Bxf6
16.Bf4 b4 17.Ne4 Kh8 18.Re1 Qa5 19.Nb3 Qd5 20.Nxf6 gxf6 21.Rd1 Qe4 22.Bxe5 Qxe5
23.Qxe5 fxe5 24.Rxd7 Rac8 25.Rd2 Rfd8 26.Rxd8+ Rxd8 27.Kg1 Rc8 28.Bd1 Rd8
29.Be2 Rc8 30.Na1 a5 31.Kf2 f5 32.Ba6 Rc6 33.Bb5 Rc7 34.Ke3 Kg7 35.Kd3 Kf6
36.c4  1/2-1/2

[Event "JUG-chT"]
[Site "Niksic"]
[Date "1996.??.??"]
[Round "?"]
[White "Sibarevic, Milenko"]
[Black "Rajkovic, Dusan"]
[Result "0-1"]
[WhiteElo "2350"]
[BlackElo "2475"]

1.e4 c5 2.Nf3 e6 3.d4 cxd4 4.Nxd4 Nc6 5.Nc3 Qc7 6.Be2 a6 7.O-O Nf6 8.Kh1 Nxd4
9.Qxd4 Bc5 10.Qd3 b5 11.f4 Bb7 12.Bf3 O-O 13.e5 Ne8 14.Bxb7 Qxb7 15.a4 b4
16.Ne4 Be7 17.Be3 Qc6 18.f5 f6 19.fxe6 dxe6 20.exf6 Nxf6 21.Ng5 Rad8 22.Bd4 Rd5
23.Qe3 e5 24.Bxe5 Ng4 25.Rxf8+ Bxf8 26.Qf4 Nxe5 27.Rf1 Qf6 28.Qc1 Qd6 29.Qf4 Rd1  0-1

[Event "JUG-chT"]
[Site "Niksic"]
[Date "1996.??.??"]
[Round "?"]
[White "Savanovic, Aleksandar"]
[Black "Vratonjic, Slobodan"]
[Result "1/2-1/2"]
[WhiteElo "2445"]
[BlackElo "2425"]

1.e4 c5 2.Nf3 e6 3.d4 cxd4 4.Nxd4 Nc6 5.Nc3 Qc7 6.Be2 Nf6 7.O-O Be7 8.Be3 O-O
9.f4 d6 10.Qe1 Nxd4 11.Bxd4 e5 12.fxe5 dxe5 13.Qg3 Bc5 14.Bxc5 Qxc5+ 15.Kh1 Kh8
16.Qh4 Ng8 17.Rad1 f6 18.a3 Be6 19.Bg4 Bxg4 20.Qxg4 Rad8 21.Rd7 Rxd7 22.Qxd7 Qb6
23.Qb5 Qc7 24.Rd1 Rd8 25.Rxd8 Qxd8  1/2-1/2

[Event "JUG-chT"]
[Site "Niksic"]
[Date "1996.??.??"]
[Round "?"]
[White "Sahovic, Dragutin"]
[Black "Abramovic, Bosko"]
[Result "0-1"]
[WhiteElo "2405"]
[BlackElo "2490"]

1.e4 c5 2.Nf3 e6 3.d4 cxd4 4.Nxd4 Nc6 5.Nc3 a6 6.Be2 Qc7 7.O-O Nf6 8.a3 Nxd4
9.Qxd4 Bd6 10.Kh1 Be5 11.Qd3 b5 12.Bd2 Bb7 13.Bf3 O-O 14.Rae1 Rfd8 15.Qe3 Rac8
16.g3 Qc5 17.Qe2 Qc4 18.Qd3 d5 19.exd5 Bxc3 20.Qxc4 Rxc4 21.Bxc3 Bxd5 22.Bxd5 Nxd5
23.Ba5 Rdc8 24.c3 g5 25.Kg2 Kg7 26.Re2 Kf6 27.Rfe1 h6 28.Bb4 R4c6 29.Ba5 Ra8
30.Rd1 Rc4 31.Ree1 Rc6 32.Rd4 Rac8 33.Red1 Rc4 34.R4d3 g4 35.h3 h5 36.hxg4 hxg4
37.Rh1 Re4 38.Rhd1 Re2 39.R3d2 Rxd2 40.Rxd2 Rc4 41.Rc2 Re4 42.Kf1 Ne7 43.b3 Nc6
44.Bb6 a5 45.c4 bxc4 46.bxc4 e5 47.Be3 Ke6 48.Rc1 Nd4 49.a4 Kd6 50.Rb1 Nc6
51.Rc1 f5 52.Ke2 Nb4 53.f3 gxf3+ 54.Kxf3 Kc6 55.Rc3 Rg4 56.Kg2 Rg8 57.Kh3 e4
58.Kh4 Kd6 59.Rc1 Ke6 60.Kh3 Rc8 61.Bb6 Nd3 62.Rc3 Nb2 63.Bxa5 Nxa4 64.Rc2 Nc5
65.Kg2 Nd3 66.Bd2 Ne5 67.c5 Nd3 68.c6 Kd6 69.g4 f4 70.c7 f3+ 71.Kf1 Rxc7
72.Rxc7 Kxc7 73.g5 Kd7 74.g6 Ke6 75.Bg5 Ne5 76.g7 Kf7 77.Kf2 Kxg7 78.Bh4 Kg6
79.Ke3 Kf5 80.Kf2 Nd3+ 81.Kf1 Nf4 82.Be1 Nd5 83.Ba5  0-1

[Event "JUG-chT"]
[Site "Niksic"]
[Date "1996.??.??"]
[Round "?"]
[White "Matulovic, Milan"]
[Black "Paunovic, Dragan"]
[Result "1/2-1/2"]
[WhiteElo "2420"]
[BlackElo "2495"]

1.e4 c5 2.Nf3 Nc6 3.d4 cxd4 4.Nxd4 e6 5.Nc3 Qc7 6.g3 a6 7.Bg2 Nf6 8.O-O Bc5
9.Nce2 O-O 10.c4 d6 11.b3 Ng4 12.Nxc6 bxc6 13.Nf4 e5 14.Nd3 Bd4 15.Bb2 Bxb2
16.Nxb2 Nf6 17.Qd2 Rd8 18.Na4 c5 19.Nc3 Bb7 20.Rad1 h6 21.h3 Qe7 22.Rfe1 Rab8
23.Kh2 Nh7 24.f4 exf4 25.gxf4 Qh4 26.Qe3 Nf6 27.Qg3 Qxg3+ 28.Kxg3 Nh5+ 29.Kg4 g6
30.Rd2 Kf8 31.Red1 Ke7 32.e5 f5+ 33.exf6+ Nxf6+ 34.Kh4 Bxg2 35.Rxg2 Kf7 36.Nd5 Rb7
37.Nxf6 Kxf6 38.Rgd2 Rbd7 39.Kg4 Ke6 40.Re2+ Kf7 41.Red2 Kf6 42.Rd5 a5 43.h4 Kf7
44.h5 Kf6 45.hxg6 Kxg6 46.f5+ Kf6 47.Kf4 Kf7 48.Rg1 Rg8 49.Rxg8 Kxg8 50.f6 Kf7
51.Kf5 Rd8 52.Rd1 Rg8 53.Rxd6 Rg5+ 54.Kf4 Rg2 55.Ke4 Rg5 56.Kf4 Rg2 57.Rd5 Rxa2
58.Rxc5 Kxf6 59.Rc6+ Ke7 60.Ke4 Rb2 61.Rxh6 Rxb3 62.Rh7+ Kd8 63.Ra7 Rb6 64.c5 Rh6
65.Kd5 Kc8 66.Kc4 a4 67.Kb5 a3 68.Rxa3 Kb7 69.Rg3 Kc7 70.Rg7+ Kc8  1/2-1/2

[Event "JUG-chT"]
[Site "Niksic"]
[Date "1996.??.??"]
[Round "?"]
[White "Markovic, Zoran"]
[Black "Antic, Dejan"]
[Result "1/2-1/2"]
[WhiteElo "2095"]
[BlackElo "2435"]

1.e4 c5 2.Nf3 e6 3.d4 cxd4 4.Nxd4 Nc6 5.Nc3 a6 6.Be2 d6 7.O-O Nf6 8.Be3 Be7
9.f4 O-O 10.Qe1 Bd7 11.Qg3 Nxd4 12.Bxd4 Bc6 13.Kh1 b5 14.a3 Qd7 15.Bd3 a5
16.Rae1 b4 17.axb4 axb4 18.Nd1 g6 19.Nf2 Ra5 20.Bxf6 Bxf6 21.Ng4 Qd8 22.Nxf6+ Qxf6
23.e5 Qd8 24.f5 exf5 25.exd6 Rd5 26.Rxf5 Qxd6 27.Qxd6 Rxd6 28.Rf2 Kg7 29.h3 f5
30.Re7+ Rf7 31.Rxf7+ Kxf7 32.Kg1 Rd4 33.Re2 Kf6 34.Kf2 f4 35.Ba6 g5 36.c3 bxc3
37.bxc3 Ra4 38.Bd3 h5 39.Rb2 Ke5 40.Bb5 Bxb5 41.Rxb5+ Kf6  1/2-1/2

[Event "JUG-chT"]
[Site "Niksic"]
[Date "1996.??.??"]
[Round "?"]
[White "Mackic, Zoran"]
[Black "Ivanisevic, Ivan"]
[Result "0-1"]
[WhiteElo "2440"]
[BlackElo "2295"]

1.e4 c5 2.Nf3 e6 3.d4 cxd4 4.Nxd4 Nc6 5.Nc3 Qc7 6.g3 a6 7.Bg2 Nf6 8.O-O Bc5
9.Bf4 Ne5 10.Na4 Ba7 11.c4 d6 12.Rc1 Bd7 13.c5 O-O 14.b4 Bxa4 15.Qxa4 dxc5
16.bxc5 Qd7 17.Qxd7 Nfxd7 18.Rfd1 g5 19.Bxe5 Nxe5 20.Nb3 Rfd8 21.Rxd8+ Rxd8
22.h3 Kg7 23.Bf1 Nc6 24.Kg2 Kf6 25.f4 gxf4 26.gxf4 h5 27.Kg3 Bb8 28.e5+ Kf5
29.h4 Bc7 30.Bh3+ Kg6 31.Bf1 Ne7 32.Be2 a5 33.a4 Kh6 34.Kf2 Ng6 35.Ke3 Nxh4
36.Ke4 Nf5 37.Rg1 h4 38.Bf3 b5 39.Ra1 Rb8 40.Bg4 bxa4 41.Nd4 Nxd4 42.Kxd4 Rb4+
43.Ke3 Rc4 44.Rh1 Bd8 45.Re1 Be7  0-1

[Event "JUG-chT"]
[Site "Niksic"]
[Date "1996.??.??"]
[Round "?"]
[White "Lekic, Dusan"]
[Black "Mackic, Zoran"]
[Result "1/2-1/2"]
[WhiteElo "2410"]
[BlackElo "2440"]

1.e4 c5 2.Nf3 e6 3.d4 cxd4 4.Nxd4 Nc6 5.Nc3 Qc7 6.Be2 a6 7.O-O Nf6 8.Kh1 Bc5
9.Nb3 Bb4 10.Qd3 Bxc3 11.bxc3 Qe5 12.Nd2 d5 13.f4 dxe4 14.Qh3 Qc7 15.Ba3 b5
16.Qg3 Rg8 17.Qe3 Bb7 18.c4 b4 19.Bb2 Ne7 20.Be5 Qc6 21.Nb3 Nf5 22.Qg1 Nd7
23.Na5 Qc8 24.a3 bxa3 25.Rfb1 Bc6 26.Rxa3 g5 27.c5 Nxe5 28.fxe5 Qc7 29.Nxc6 Qxc6
30.Rxa6 Qc8 31.Rxa8 Qxa8 32.c6 Kf8 33.c7 Kg7 34.Qb6 Qa2 35.Qb3 Qa5 36.Qb7 Qc3
37.Ba6 Ne7 38.Qxe4 Qxc7 39.Bd3 Ng6 40.Re1 Rd8 41.Qe3 Rd5 42.Bxg6 hxg6 43.Qxg5 Qxc2
44.Qf6+  1/2-1/2

[Event "JUG-chT"]
[Site "Niksic"]
[Date "1996.??.??"]
[Round "?"]
[White "Knezevic, Bojan"]
[Black "Simic, Radoslav"]
[Result "1/2-1/2"]
[WhiteElo "2380"]
[BlackElo "2450"]

1.e4 c5 2.Nf3 Nc6 3.Nc3 e6 4.d4 cxd4 5.Nxd4 Nf6 6.Ndb5 d6 7.Bf4 e5 8.Bg5 a6
9.Na3 b5 10.Nd5 Be7 11.Bxf6 Bxf6 12.c3 Bg5 13.Nc2 Rb8 14.a4 O-O  1/2-1/2

[Event "JUG-ch op"]
[Site "Nis"]
[Date "1996.??.??"]
[Round "2"]
[White "Jovicevic, Bozidar"]
[Black "Antic, Dejan"]
[Result "0-1"]
[WhiteElo "2275"]
[BlackElo "2445"]

1.e4 c5 2.Nf3 e6 3.d4 cxd4 4.Nxd4 Nc6 5.Nc3 a6 6.Be2 d6 7.O-O Nf6 8.Be3 Be7
9.f4 O-O 10.Qe1 Bd7 11.Qg3 b5 12.a3 Nxd4 13.Bxd4 Bc6 14.Kh1 Qd7 15.Rae1 a5
16.Bd3 b4 17.Nd1 Bb5 18.axb4 axb4 19.Ne3 Bxd3 20.cxd3 Qb5 21.Rc1 Rac8 22.Rxc8 Rxc8
23.e5 Nh5 24.Qf3 Qxd3 25.Rd1 Qg6 26.g4 Nxf4 27.Qxf4 Bg5 28.Qf3 dxe5 29.Bxe5 Bxe3
30.Qxe3 f6 31.Bc3 Qxg4 32.Rg1 Qf5 33.Bxb4 Rc2 34.Bd2 Rxb2 35.h3 Qd5+ 36.Rg2 Rb3
37.Qa7 Rxh3+ 38.Kg1 g5 39.Qb8+ Kg7 40.Qc7+ Kg6 41.Qc2+ Qd3 42.Qc8 Qd4+ 43.Rf2 Qg4+  0-1

[Event "JUG-ch op"]
[Site "Nis"]
[Date "1996.??.??"]
[Round "6"]
[White "Vratonjic, Slobodan"]
[Black "Antic, Dejan"]
[Result "1/2-1/2"]
[WhiteElo "2445"]
[BlackElo "2445"]

1.e4 c5 2.Nf3 e6 3.d4 cxd4 4.Nxd4 Nc6 5.Nc3 a6 6.Be2 d6 7.O-O Nf6 8.Be3 Be7
9.f4 O-O 10.a4 Qc7 11.Kh1 Re8 12.Bf3 Bd7 13.Nb3 Na5 14.Nxa5 Qxa5 15.Qd3 Rad8
16.Rfd1 Bc6 17.b4 Qc7 18.b5 Bd7 19.Rab1 axb5 20.Nxb5 Qa5 21.Nxd6 Bxa4 22.Bb6 Rxd6
23.Bxa5 Rxd3 24.cxd3 Bxd1 25.Bxd1 Ra8 26.Bc3 Ra3 27.Rb3 b5 28.Rxa3 Bxa3 29.Kg1 Nd7
30.Kf2 Nc5 31.Ke3 b4 32.Bd2 f5 33.e5 b3 34.d4 b2 35.Bc2 Ne4 36.Be1 Be7 37.Kd3 g5
38.fxg5 Bxg5 39.g4 Bf4 40.gxf5 exf5 41.h3 Kf7 42.Bb4 Nf2+ 43.Kc4 Nd1 44.Kc5 Ne3
45.Bd3 Ke6 46.Bc3 Bxe5 47.dxe5 Nd1 48.Bd4 f4 49.Bc4+ Ke7 50.Bd3 Ke6 51.Bxh7 f3
52.h4 f2 53.Bxf2 Nxf2 54.Kd4 Ng4 55.Bg8+ Ke7 56.Ba2 Nxe5 57.Kxe5 b1=Q 58.Bxb1 Kf7  1/2-1/2

[Event "JUG-ch op"]
[Site "Nis"]
[Date "1996.??.??"]
[Round "10"]
[White "Pikula, Dejan"]
[Black "Brajovic, Radovan"]
[Result "0-1"]
[WhiteElo "2455"]
[BlackElo "2390"]

1.e4 c5 2.Nf3 e6 3.d4 cxd4 4.Nxd4 Nc6 5.Nc3 Qc7 6.Be3 a6 7.Bd3 Nf6 8.O-O Ne5
9.h3 Bc5 10.Kh1 d6 11.Qe1 O-O 12.f4 Ng6 13.a3 b5 14.b4 Bb6 15.a4 bxa4 16.Nxa4 Ba7
17.Nc3 e5 18.Ndb5 axb5 19.Nxb5 Qb7 20.Bxa7 Nxf4 21.Nxd6 Qd7 22.Nxc8 Rfxc8
23.Qe3 Nxd3 24.cxd3 Rc3 25.Bc5 Rd8 26.Rf3 h6 27.Rd1 Qa4 28.Qe2 Nxe4 29.Be7 Rd4
30.Rg1 Qd7 31.Bh4 Rdxd3 32.Rxd3 Rxd3 33.Ra1 Qd5 34.Ra5 Qd4 35.Kh2 Rd1 36.Be1 Kh7
37.Ra7 Ng5 38.Re7 e4 39.Re8 f5 40.h4 Nf7 41.Bf2 Qa1 42.g4 Ne5 43.gxf5 Rd2  0-1

[Event "JUG-ch op"]
[Site "Nis"]
[Date "1996.??.??"]
[Round "10"]
[White "Kovacevic, Aleksandar"]
[Black "Abramovic, Bosko"]
[Result "1-0"]
[WhiteElo "2430"]
[BlackElo "2490"]

1.e4 c5 2.Nf3 e6 3.d4 cxd4 4.Nxd4 Nc6 5.Nc3 a6 6.Be2 Qc7 7.O-O Nf6 8.Be3 Be7
9.f4 d6 10.Kh1 O-O 11.Qe1 Nxd4 12.Bxd4 b5 13.a3 Bb7 14.Qg3 Bc6 15.Rae1 Rae8
16.Bf3 g6 17.f5 Nd7 18.Bh5 exf5 19.exf5 Ne5 20.Bxe5 dxe5 21.Bf3 b4 22.Bxc6 Qxc6
23.Ne4 f6 24.fxg6 f5 25.gxh7+ Kh8 26.Qxe5+ Bf6 27.Qd6 Qxd6 28.Nxd6 Rxe1 29.Rxe1 Bxb2
30.axb4 Bc3 31.Rb1 Rf6 32.Nc4 Re6 33.g3 Re4 34.Nd6 Rxb4 35.Rb3 Bd2 36.Nxf5 a5
37.Rxb4 Bxb4 38.Nd4 a4 39.c4 a3 40.Nc2 a2 41.Kg2 Kxh7 42.Kf3 Kg6 43.Ke4 Kf6
44.Kd5 Ke7 45.g4 Be1 46.Na1 Bh4 47.Nb3 Bf6 48.h3 Kd7 49.Ke4 Ke6 50.Kf4 Be7
51.g5 Bb4 52.h4  1-0

[Event "North Bay op"]
[Site "North Bay"]
[Date "1996.??.??"]
[Round "?"]
[White "Teodoro, Eduardo"]
[Black "Polgar, Sofia"]
[Result "0-1"]
[WhiteElo "2290"]
[BlackElo "2480"]

1.e4 c5 2.Nf3 e6 3.d4 cxd4 4.Nxd4 Nc6 5.Nc3 a6 6.Be3 Qc7 7.Bd3 Nf6 8.O-O Ne5
9.Nf3 d6 10.Nxe5 dxe5 11.Na4 Nd7 12.c4 Be7 13.c5 O-O 14.Rc1 Rb8 15.b4 Qd8
16.Qd2 f5 17.f3 Nf6 18.Rfd1 Bd7 19.Nb6 fxe4 20.Bxe4 Bc6 21.Bxc6 bxc6 22.Qxd8 Rfxd8
23.Bg5 Rd4 24.Rxd4 exd4 25.Rd1 a5 26.Bxf6 gxf6 27.a3 axb4 28.axb4 e5 29.Rb1 Kf7
30.Kf2 Ke6 31.Ke2 f5 32.Kd3 Bd8 33.Nc4 Bc7 34.f4 e4+ 35.Kxd4 Bxf4 36.Na5 Kd7
37.g4 fxg4 38.Kxe4 Bxh2 39.Kf5  0-1

[Event "Nova Gorica"]
[Site "Nova Gorica"]
[Date "1996.??.??"]
[Round "4"]
[White "Guid, Matej"]
[Black "Gostisa, Leon"]
[Result "1/2-1/2"]
[WhiteElo "2140"]
[BlackElo "2425"]

1.e4 c5 2.Nf3 e6 3.d4 cxd4 4.Nxd4 Nc6 5.Nc3 Qc7 6.Be2 a6 7.O-O Nf6 8.Be3 Be7
9.f4 d6 10.a4 Bd7 11.Kh1 O-O 12.Bf3 Rab8 13.Qe2 Rfe8 14.Nb3 Na5 15.Nxa5 Qxa5
16.Qf2 Bc6 17.Bb6 Qb4 18.Na2 Qxa4 19.b3 Qb5 20.Nc3 Qb4 21.Na2 Qb5 22.Nc3 Qb4
23.Na2 Qb5 24.Nc3  1/2-1/2